000 00813cam a2200265 i 4500
999 _c4389
_d4389
001 1502513
003 OCoLC
005 20181205154800.0
008 750610s1975 mnu b 000 0 eng
010 _a 75017979
020 _a087123131X
020 _a9780871231314
035 _a(OCoLC)1502513
_z(OCoLC)692249541
040 _aDLC
_beng
_cDLC
_dOCLCG
_dOCLCO
_dCIRBC
050 0 _aBT888
_b.D87
082 _a236.3
_bD981E
092 _a236.3
_bD981e
100 1 _aDuty, Guy,
_d1907-
245 1 0 _aEscape from the coming tribulation :
_bhow to be prepared for the last great crisis of history /
_cGuy Duty.
260 _aMinneapolis :
_bBethany Fellowship,
_c[1975]
300 _a157 p. ;
_c21 cm.
504 _aBibliography: p. [154]-157.
650 0 _aTribulation (Christian eschatology)
942 _2ddc
_cBK